Mạng cung cấp và phân phối điện
Sách giới thiệu những kiến thức cơ bản, những bản chất vật lý về điện liên quan đến mạng điện cung cấp và mạng điện phân phối: đường dây, nguồn điện, phụ tải điện, tổn thất công suất và tổn thất điện năng trong mạng điện, điều c...
Tallennettuna:
| Päätekijä: | |
|---|---|
| Aineistotyyppi: | Kirja |
| Kieli: | Undetermined |
| Julkaistu: |
Hà Nội
Khoa học và Kỹ thuật
2005
|
| Aiheet: | |
| Tagit: |
Lisää tagi
Ei tageja, Lisää ensimmäinen tagi!
|
| Thư viện lưu trữ: | Trung tâm Học liệu Trường Đại học Cần Thơ |
|---|
| LEADER | 01115nam a2200217Ia 4500 | ||
|---|---|---|---|
| 001 | CTU_101074 | ||
| 008 | 210402s9999 xx 000 0 und d | ||
| 020 | |c 115000 | ||
| 082 | |a 621.319 | ||
| 082 | |b Th550 | ||
| 100 | |a Bùi, Ngọc Thư | ||
| 245 | 0 | |a Mạng cung cấp và phân phối điện | |
| 245 | 0 | |c Bùi Ngọc Thư | |
| 260 | |a Hà Nội | ||
| 260 | |b Khoa học và Kỹ thuật | ||
| 260 | |c 2005 | ||
| 520 | |a Sách giới thiệu những kiến thức cơ bản, những bản chất vật lý về điện liên quan đến mạng điện cung cấp và mạng điện phân phối: đường dây, nguồn điện, phụ tải điện, tổn thất công suất và tổn thất điện năng trong mạng điện, điều chỉnh điện áp... | ||
| 650 | |a Electric power distribution,Electric power transmission | ||
| 650 | |x Equipments and supplies | ||
| 910 | |a Vương (nhận từ đơn đặt, do đó, không tra trùng) | ||
| 980 | |a Trung tâm Học liệu Trường Đại học Cần Thơ | ||